000 00446nam a2200181 a 4500
001 1758085044316
003 ACL
005 20250917102859.0
008 250917s2009##################000#0#eng##
020 _a9780786440337
082 0 4 _a791.456
_bSIL
100 1 _aSilverman, Francine,
_eauthor.
245 1 0 _aTalk Radio Wants You :
260 _bMcFarland,
_c2009.
650 0 _aPerforming Arts.
942 _cENGLISH
040 _aACL
_beng
_cACL
999 _c587588
_d587588